| Tag |
First Indicator |
Second Indicator |
Subfields |
| LEADER |
00000cam a22000004a 4500 |
| 001 |
in00001854321 |
| 005 |
20151026082311.0 |
| 008 |
040302s2004 gauab b 001 0 eng |
| 010 |
|
|
|a 2004043334
|
| 020 |
|
|
|a 0881734713 (Fairmont Press : print)
|
| 020 |
|
|
|a 0881734721 (Fairmont Press : electronic)
|
| 020 |
|
|
|a 0824756711 (Marcel Dekker)
|
| 035 |
|
|
|a (OCoLC)ocm54677466
|
| 040 |
|
|
|a DLC
|c DLC
|d YDX
|d CVM
|d TXA
|d UtOrBLW
|
| 042 |
|
|
|a pcc
|
| 049 |
|
|
|a TXAM
|
| 050 |
0 |
0 |
|a TK3091
|b .P3132 2004
|
| 082 |
0 |
0 |
|a 621.319
|2 22
|
| 100 |
1 |
|
|a Pansini, Anthony J.
|
| 245 |
1 |
0 |
|a Transmission line reliability and security /
|c Anthony J. Pansini.
|
| 264 |
|
1 |
|a Lilburn, Ga. :
|b Fairmont Press ;
|c [2004]
|
| 264 |
|
2 |
|a New York :
|b Distributed by Marcel Dekker,
|
| 264 |
|
4 |
|c ©2004
|
| 300 |
|
|
|a xiii, 335 pages :
|b illustrations, maps ;
|c 24 cm.
|
| 336 |
|
|
|a text
|b txt
|2 rdacontent
|
| 337 |
|
|
|a unmediated
|b n
|2 rdamedia
|
| 338 |
|
|
|a volume
|b nc
|2 rdacarrier
|
| 504 |
|
|
|a Includes bibliographical references and index.
|
| 505 |
0 |
|
|a Circuit arrangements -- Electrical criteria -- Mechanical criteria -- Substation criteria -- DC transmission -- Operations criteria -- Economics -- Appendix A. Insulation : porcelain vs. polymer -- B. The grid system : tying maps to computers -- C. U.S. and metric relationships -- D. National transmission grid study.
|
| 650 |
|
0 |
|a Electric power transmission.
|
| 650 |
|
0 |
|a Electric power systems
|x Security measures.
|
| 650 |
|
0 |
|a Electric circuits
|x Reliability.
|
| 948 |
|
|
|a cataloged
|b h
|c 2004/8/3
|d c
|e ceaton
|f 3:45:35 pm
|
| 994 |
|
|
|a E0
|b TXA
|
| 999 |
|
|
|a MARS
|
| 999 |
f |
f |
|s 5d39d24f-a6b5-33fb-99b6-e8b1004969bb
|i fd378339-cdb7-3bf8-8a60-637bf60a6b8a
|t 0
|
| 952 |
f |
f |
|p ric
|a Texas A&M University
|b Rellis Campus
|c Joint Library Facility
|d Remote Storage
|t 0
|e TK3091 .P3132 2004
|h Library of Congress classification
|i unmediated -- volume
|m A14832032632
|
| 998 |
f |
f |
|a TK3091 .P3132 2004
|t 0
|l Remote Storage
|